MARC details
| 000 -LEADER |
| fixed length control field |
02909cam a22004098i 4500 |
| 001 - CONTROL NUMBER |
| control field |
23730743 |
| 003 - CONTROL NUMBER IDENTIFIER |
| control field |
EG-ScBUE |
| 005 - DATE AND TIME OF LATEST TRANSACTION |
| control field |
20250216102100.0 |
| 008 - FIXED-LENGTH DATA ELEMENTS--GENERAL INFORMATION |
| fixed length control field |
240613s2024 enka f b 000 0 eng d |
| 020 ## - INTERNATIONAL STANDARD BOOK NUMBER |
| International Standard Book Number |
9781032428512 |
| 040 ## - CATALOGING SOURCE |
| Original cataloging agency |
DLC |
| Language of cataloging |
eng |
| Description conventions |
rda |
| Transcribing agency |
DLC |
| Modifying agency |
EG-ScBUE |
| 041 0# - LANGUAGE CODE |
| Language code of text/sound track or separate title |
eng |
| -- |
ara |
| 082 04 - DEWEY DECIMAL CLASSIFICATION NUMBER |
| Classification number |
492.78241 |
| Edition number |
22 |
| Item number |
MOH |
| 100 1# - MAIN ENTRY--PERSONAL NAME |
| Personal name |
Muḥammad, Yaḥyá ʻAbd al-Mubdī, |
| Relator term |
author. |
| 245 10 - TITLE STATEMENT |
| Title |
Arabic for politics and international relations = |
| Remainder of title |
العربية لأغراض السياسة والعلاقات الدولية / |
| Statement of responsibility, etc |
Yehia A. Mohamed. |
| 246 31 - VARYING FORM OF TITLE |
| Linkage |
880-03 |
| Title proper/short title |
عربية لأغراض السياسة والعلاقات الدولية |
| 264 #1 - PUBLICATION, DISTRIBUTION, ETC. (IMPRINT) |
| Place of publication, distribution, etc |
Abingdon, Oxon ; |
| -- |
New York, NY : |
| Name of publisher, distributor, etc |
Routledge, |
| Date of publication, distribution, etc |
2024. |
| 300 ## - PHYSICAL DESCRIPTION |
| Extent |
xvii, 316 pages : |
| Other physical details |
illustrations ; |
| Dimensions |
24 cm |
| 336 ## - CONTENT TYPE |
| Content type term |
text |
| Content type code |
txt |
| Source |
rdacontent |
| 337 ## - MEDIA TYPE |
| Media type term |
unmediated |
| Media type code |
n |
| Source |
rdamedia |
| 338 ## - CARRIER TYPE |
| Carrier type term |
volume |
| Carrier type code |
nc |
| Source |
rdacarrier |
| 504 ## - BIBLIOGRAPHY, ETC. NOTE |
| Bibliography, etc |
Includes bibliographical references. |
| 520 ## - SUMMARY, ETC. |
| Summary, etc |
"Arabic for Politics and International Relations is the first textbook for high-intermediate to advanced students of Arabic that focuses on Arabic as it is used in the fields of politics, diplomacy, governance and international relations. Thematically organised, each chapter includes a selection of authentic reading texts that exemplify the language in use while introducing students to a key topic or theme such as political systems, government, human rights, conflict resolution and defence. Each chapter has a range of exercises that include comprehension questions, questions designed to develop vocabulary, understanding of morphology, rhetoric and style, and a range of activities that allow students to practice all four language skills: reading, listening, speaking, and writing. Arabic for Politics and International Relations is ideal for advanced-level Arabic courses"-- |
| Assigning source |
Provided by publisher. |
| 546 ## - LANGUAGE NOTE |
| Language note |
English and Arabic. |
| 650 #7 - SUBJECT ADDED ENTRY--TOPICAL TERM |
| Topical term or geographic name as entry element |
Arabic language |
| Form subdivision |
Textbooks for foreign speakers |
| General subdivision |
English. |
| Source of heading or term |
BUEsh |
| 650 #7 - SUBJECT ADDED ENTRY--TOPICAL TERM |
| Topical term or geographic name as entry element |
Arabic language |
| General subdivision |
Rhetoric |
| Form subdivision |
Problems, exercises, etc. |
| Source of heading or term |
BUEsh |
| 650 #7 - SUBJECT ADDED ENTRY--TOPICAL TERM |
| Topical term or geographic name as entry element |
Communication in politics. |
| Source of heading or term |
BUEsh |
| 650 #7 - SUBJECT ADDED ENTRY--TOPICAL TERM |
| Topical term or geographic name as entry element |
Communication in international relations. |
| Source of heading or term |
BUEsh |
| 655 #7 - INDEX TERM--GENRE/FORM |
| Form subdivision |
Reading book |
| 776 08 - ADDITIONAL PHYSICAL FORM ENTRY |
| Display text |
Online version: |
| Main entry heading |
Muḥammad, Yaḥyá ʻAbd al-Mubdī. |
| Title |
Arabic for politics and international relations |
| Place, publisher, and date of publication |
Abingdon, Oxon ; New York, NY : Routledge, 2024 |
| International Standard Book Number |
9781003364573 |
| Record control number |
(DLC) 2024022510 |
| 880 10 - ALTERNATE GRAPHIC REPRESENTATION |
| Linkage |
245-02/(3/r |
| a |
Arabic for politics and international relations / |
| c |
Yehia A. Mohamed = / |
| -- |
يحيى عبد المبدي محمد. |
| 880 31 - ALTERNATE GRAPHIC REPRESENTATION |
| Linkage |
246-03/(3/r |
| a |
عربية لأغراض السياسة والعلاقات الدولية |
| 906 ## - LOCAL DATA ELEMENT F, LDF (RLIN) |
| a |
7 |
| b |
cbc |
| c |
orignew |
| d |
1 |
| e |
ecip |
| f |
20 |
| g |
y-nonroman |
| 942 ## - ADDED ENTRY ELEMENTS (KOHA) |
| Source of classification or shelving scheme |
Dewey Decimal Classification |
| Koha item type |
Book - Borrowing |